[Event "GRE-chT 30th"]
[Site "Athens"]
[Date "2001.07.12"]
[Round "6"]
[White "Rychagov, Andrey"]
[Black "Atalik, Suat"]
[Result "1/2-1/2"]
[WhiteElo "2505"]
[BlackElo "2532"]
[Annotator "Atalik,S"]
[PlyCount "34"]
[EventDate "2001.07.07"]
[EventType "team"]
[EventRounds "9"]
[EventCountry "GRE"]
[SourceTitle "EXT 2003"]
[Source "ChessBase"]
[SourceDate "2002.11.25"]
[SourceVersion "1"]
[SourceVersionDate "2002.11.25"]
[SourceQuality "1"]

1. d4 d5 2. c4 c6 3. Nf3 Nf6 4. Nc3 dxc4 5. a4 Bf5 6. e3 e6 7. Bxc4 Bb4 8. O-O
O-O 9. Qe2 Nbd7 10. e4 Bg6 11. Bd3 h6 {An interesting conception.Black is
ready to accept double pawns.} 12. Bf4 a6 (12... Qe7 $6 {is the old move
frequently applied by Smyslov.} 13. Na2 Nh5 (13... Ba5 14. b4 $1) 14. Be3 Ba5
15. Ne5 Nxe5 16. dxe5 f5 17. f4 $1 fxe4 18. Bc4 Bb6 19. g3 Bf5 20. Nc3 Bxe3+
21. Qxe3 $16) 13. Rfd1 (13. Nd2 Nh5 (13... Qe7 $6 14. Nc4 Nh5 15. Be3 e5 16.
Nxe5 Nxe5 17. dxe5 Qxe5 18. f4) 14. Be3 e5 15. d5 Nf4 16. Bxf4 exf4 $132) 13...
Re8 14. h3 Rc8 15. Rac1 (15. Bh2 Qa5 16. Nd2 $140 Bxc3 17. bxc3 Qxc3) 15... Qa5
{Around here I was only looking at tactics for white.} 16. e5 $146 (16. Nd2 {
is the old move.} b5 17. axb5 cxb5 18. Nb3 (18. e5 $6 Bxd3 19. Qxd3 Bxc3) 18...
Qb6 19. Be3 $140 Bxc3) 16... Nd5 17. Bd2 Bxd3 {Game was steering towards
equality.} (17... Bxd3 18. Qxd3 c5 (18... Be7 19. Qe4) (18... N7b6 19. Ne4 $1 (
19. b3 Nxc3 20. Bxc3 Bxc3 21. Rxc3 Nd5 22. Rc5 Qc7 23. Nd2 $11) (19. Qe4 Nc4)
19... Nxa4 20. Qc2 $1 $36) 19. Nxd5 exd5 (19... Bxd2 20. Qxd2 (20. Nxd2 exd5
21. dxc5 Qxa4 (21... Nxc5 22. Qxd5 Red8 23. Nc4 Rxd5 24. Nxa5 Rxd1+ 25. Rxd1
Nxa4 $11)) 20... Qxd2 21. Rxd2 exd5 22. dxc5 Rxc5 23. Rxc5 Nxc5 24. Rxd5 Nxa4
25. b3 Nc3 $11) 20. Bxb4 Qxb4 21. dxc5 Rxc5 $11) 1/2-1/2

[Event "SLO-chT 12th"]
[Site "Bled"]
[Date "2002.11.23"]
[Round "8"]
[White "Ribli, Zoltan"]
[Black "Atalik, Suat"]
[Result "1/2-1/2"]
[WhiteElo "2574"]
[BlackElo "2575"]
[Annotator "Atalik,S"]
[PlyCount "99"]
[EventDate "2002.11.18"]
[EventType "team-tourn"]
[EventRounds "9"]
[EventCountry "SLO"]
[SourceTitle "CBM 092"]
[Source "ChessBase"]
[SourceDate "2003.02.06"]
[SourceVersion "1"]
[SourceVersionDate "2003.02.06"]
[SourceQuality "1"]
[WhiteTeam "Radenska Pomgrad"]
[BlackTeam "Ptuj"]
[WhiteTeamCountry "SLO"]
[BlackTeamCountry "SLO"]

1. Nf3 d5 2. d4 Nf6 3. c4 c6 4. Nc3 dxc4 {Slav defence looks like a cool
choice against the writer of a monographe about it for Informator.} 5. a4 Bf5
6. e3 e6 7. Bxc4 Bb4 8. O-O Nbd7 {Mainly directed against Nh4.} 9. Qe2 (9. Qb3
a5 10. Na2 Be7 11. Qxb7 Rb8 12. Qxc6 Rc8 13. Qa6 Ra8 $11 {is the drawback for
8...Nbd7 line.}) (9. Nh4 Bg6 $13) 9... Bg6 10. e4 $1 O-O {Back in the normal
lines.} ({I have never liked} 10... Bxc3 11. bxc3 Nxe4 12. Ba3 Qc7 13. Rfc1
O-O-O 14. a5 $44 {for black.}) 11. Bd3 h6 $5 {My preference is for this move.}
12. Bf4 {Universal choice.} a6 {Still I want to keep my kings rook on f8.} 13.
Rfd1 Re8 14. h3 Rc8 15. Rac1 {Draw offer.} Qa5 {Now it is the time for this
queen sortie.} 16. Nd2 b5 $1 {Black's pawn structure is very fluid.} 17. Nb3
Qb6 18. axb5 cxb5 {The right way to recapture,black has an active position now
though he has to be worried about his pawn structure in the coming lines.} 19.
e5 Nd5 $8 ({Losing is} 19... Bxd3 20. Rxd3 Nd5 21. Bxh6 gxh6 22. Qg4+ $18) 20.
Nxd5 {During the game I was worried about some attempts on my f7.} exd5 21.
Rxc8 $146 {GM Zoltan Ribli goes for a recommended line in the game mentioned
below.} (21. Qf3 Bxd3 22. Rxd3 Qe6 $17 {Piket-Morozevich,Wijk aan Zee 2000.})
21... Rxc8 22. e6 {Played very confidently so I have sunk into deep thought.}
Re8 (22... Nf8 $2 23. e7 Ne6 24. Bxg6 fxg6 25. Nc5 $16) 23. exf7+ (23. exd7
Rxe2 24. Bxe2 Qd8 25. Bg4 (25. Nc5 Bf5) 25... f5 26. Bf3 Qxd7 27. Rc1 $44 {
gives some compensation but nothing more.}) 23... Bxf7 (23... Kxf7 $6 24. Qg4
$1 {is annoying.}) 24. Qc2 Qf6 $36 {Here around I have realized that I am
about the get the initiaitive in the game.} 25. Bg3 (25. Be3 Nb6) 25... Nb6 26.
Nc5 {This move surprised me but I had seriously considered that I was about to
make something happen.} (26. Be5 Qe7 {goes nowhere for white.}) 26... Rc8 {
Natural and strong!} (26... Nc4 27. Nd7 Qg5 28. Ra1 {misplaces my pieces.}) (
26... Bh5 27. Ra1 Nc4 ({I was calculating} 27... Qxd4 28. Nxa6 Rc8 29. Bc7 $1 (
29. Qb3 Bc3 30. bxc3 (30. Bc7 $1 Na4 $1) 30... Rxc3 31. Qxb5 Rxd3 $11))) 27. b3
$1 {Getting rid of c4 square weakness.} Bh5 {Now we go!} 28. Be2 Bxe2 29. Qxe2
Bxc5 30. dxc5 Rxc5 {Black has picked up a pawn,but actually I was frustrated
that white had a force draw arround here.} 31. Qa2 {My opponent was not
satisfied with this later but during the game it looked me strong.} (31. Rd3 {
was pointed out by GMRibli in post mortem.} Qf5 $13) (31. Qe8+ Kh7 32. Be5 Qg6
33. Qxg6+ Kxg6 34. Bd4 Rc6 35. Bxb6 Rxb6 36. Rxd5 a5 $11 {gives absolutely
nothing.}) 31... Nd7 $1 {I had to throw my knight into the game.} 32. b4 Rc4
33. Rxd5 Qe6 34. Qd2 Nf6 35. Rd6 $5 {Forcing the things up.} (35. Rd8+ Kh7 36.
Kh2 Ne4 37. Qd3 Qf5 $15) 35... Ne4 $1 {Forking your opponent is always a great
pleasure even if it may lead to nothing.} ({The twin lines with} 35... Qf5 36.
f3) (35... Qe4 36. f3 Qb1+ 37. Be1 {leads nowhere.}) 36. Rxe6 Nxd2 37. f3 Rxb4
38. Rxa6 Rb1+ 39. Kf2 Nc4 {This looks only optically advantageous for black.}
40. Rc6 $1 $11 {Right on time.With this punctual accuray white prevents my
passer 's expansion.} Rb2+ 41. Kg1 Ne3 42. Bf2 Rb1+ 43. Kh2 Nf1+ 44. Kg1 b4 $6
{In mutual time trouble I have just wanted to continue though this decision
could not be justified.} (44... Ne3+ 45. Kh2 Nf1+ $11) 45. Bd4 {The bishop
goes out and things are better for white.Why did I want to get into this
position just do not ask!} Ne3+ 46. Kf2 Nf5 47. Be5 Rd1 $1 {Only move} 48. g4
Rd2+ 49. Ke1 Rd5 50. f4 {The second draw offer could not be turned down!} (50.
f4 Nd4 51. Rc8+ Kf7 $1 (51... Kh7 $6 52. Kf2 Ne6 53. Ke3 Rb5 54. Re8 Nc5 55.
Re7 Rb7 56. Rxb7 Nxb7 57. Kd4 b3 58. Kc4 Nd6+ 59. Kxb3 Ne4 60. Bd4 h5 61. Kc4
hxg4 62. hxg4 $16) 52. Rc7+ (52. Kf2 Ne6 53. Ke3 Rb5 54. Bb2 Rb7) 52... Ke8 53.
Bxd4 Rxd4 54. Rxg7 Rxf4 $11) 1/2-1/2

[Event "GRE-chT 31st"]
[Site "Chalkidiki"]
[Date "2002.07.09"]
[Round "5"]
[White "Atalik, Suat"]
[Black "Svetushkin, Dmitry"]
[Result "1-0"]
[WhiteElo "2551"]
[BlackElo "2491"]
[Annotator "Atalik,S"]
[PlyCount "47"]
[EventDate "2002.07.05"]
[EventType "team"]
[EventRounds "8"]
[EventCountry "GRE"]
[SourceTitle "CBM 089"]
[Source "ChessBase"]
[SourceDate "2002.08.12"]
[SourceVersion "1"]
[SourceVersionDate "2002.08.12"]
[SourceQuality "1"]

1. d4 d5 2. c4 c6 {Dima is very predictable he goes either for Slav or for
Queen's Gambit Declined.} 3. Nf3 Nf6 4. Nc3 dxc4 5. a4 Bf5 6. e3 {Back in
Yermo systems.} e6 7. Bxc4 Bb4 8. O-O O-O 9. Qe2 Ne4 {Surprise, surprise! The
old line is back in town!} ({After} 9... Bg6 {which Dima usually choses my
preparation consisted of} 10. Ne5 Nbd7 11. Nxg6 hxg6 12. Na2 Be7 (12... Bd6 13.
e4 e5 14. f4 exd4 15. e5 Bc5 16. Kh1 Nd5 17. b4 Be7 18. a5 $1 $40 {Van Wely})
13. b4 a5 14. bxa5 Rxa5 15. Bb3 $14) 10. Bd3 $1 {This is not Capa's era people
immediately go for what they have seen to be sharp!} Bxc3 {The right capture.}
(10... Nxc3 $6 11. bxc3 Bxc3 12. Bxf5 $1 exf5 (12... Bxa1 $2 13. Bc2 $1 $18 {
14.Qd3 catches the black bishop.}) 13. Rb1 Qc8 14. Ba3 Rd8 15. Ng5 $40) 11.
bxc3 Nxc3 12. Qc2 Bxd3 13. Qxd3 Nd5 14. Rb1 $1 {After some forced moves the
first important move in the game.} (14. Ba3 $6 {I particularly despise this
move since I would like to generate a kingside attack with e4-e5,Ng5.} Re8 15.
Rab1 b6 16. Rfc1 a5 17. Ne5 Qc7 $11 {Usually leads to a draw.}) 14... a5 15.
Rxb7 $1 {Brave but well calculated or well studied before the game.} Nb4 {
This was considered meek, but things are not that clear.} (15... Na6 16. Rb1 c5
17. Bb2 $14 {Van Wely-San Segundo,Mondariz(zt) 2000.}) 16. Qe4 Qd5 $6 {This
looks risky to me.} (16... Nd7 {was rightfully suggested by Dima after the
game.} 17. Bd2 c5 18. Rb5 $14) (16... Qc8 $2 {this is very important to know
that before the rook falls white gives a checkmate.} 17. Ng5 g6 18. Qh4 h5 19.
Re7 Qd8 $2 (19... Nd5 20. Ba3 Nxe7 21. Bxe7 Re8 22. Ne4 Nd7 23. Nd6 Qc7 24.
Nxe8 Rxe8 25. Rc1 $14) 20. Nxe6 $1 fxe6 21. Qg5 $18) 17. Qg4 {Probably the
best square since I have a simple threat connected with e4 trust followed by
Bh6.} (17. Qxd5 $2 cxd5 18. Ba3 N8c6 19. Ne5 Nxe5 20. dxe5 $15 {can not bring
any power into the game.}) 17... c5 $5 (17... Qf5 18. Qh4 (18. Qxf5 exf5 19.
Ne5) 18... Qf6 19. Qxf6 gxf6 20. e4 N8a6 21. Bf4 $16) (17... Nd7 18. e4 Nf6 (
18... f5 $2 19. Qxg7+ $1 Kxg7 20. exd5) 19. exd5 Nxg4 20. h3 Nf6 21. dxe6 fxe6
22. Re1 Rfe8 23. Bd2 Nfd5 24. Ne5 $16) 18. Rb5 f5 19. Qg3 Nd7 20. dxc5 Nxc5 $2
{This is a real howler in my opinion. It is clear that a1-h8 diagonal will
talk in the game.} ({To play in gambit style should be the only thing in
blacks agenda.} 20... Nd3 21. Ba3 (21. c6 Qxc6 22. Ba3 (22. Nd4 $6 Nxc1) 22...
Rfe8 23. Nd4 $40) 21... Rfc8 22. Nd4 N7xc5 23. Nb3 Qc4 24. Nxc5 Nxc5 25. Bb2
$16) 21. Bb2 $16 {After this black is in dire straits.} Rf7 $2 (21... Ra7 22.
Rxa5 $16) 22. Ng5 Rb7 $2 {After this I have seen that I have at least three
equally winning variation in my pocket.} (22... Ne4 $2 23. Qh4 $18) (22... Rd7
23. Bd4 Nbd3 (23... Nba6 24. Rc1 Rc8 25. Rxa5 $18) 24. Bxc5 Nxc5 25. Qh4 h6 26.
Nxe6 Qxe6 27. Rxc5 $16) 23. Nxe6 {After a long thought finally I have decided
for thisline which should provide me two pawns for good.} (23. Rxb7 $5 Qxb7 24.
Qd6 Nbd3 25. Nxe6 Qa6 26. Qxa6 Rxa6 27. Nxc5 Nxc5 28. Ra1 $16) (23. Rxc5 $1
Qxc5 24. Nxe6 Qa7 {Where else black has to protect his g7.} 25. Bd4 Qb8 26. Be5
Qa7 27. Nc7 $1 Rxc7 28. Bxc7 $16) 23... Qxe6 $4 {Terrible blunder which
decides the game at once!} ({Of course the reason why I have thought long lies
behind} 23... Ne4 24. Rxb7 Qxb7 25. Qxg7+ Qxg7 26. Nxg7 Nd3 27. Bd4 f4 28. Nf5
$18) 24. Rxb7 1-0

[Event "Pula op 19th"]
[Site "Pula"]
[Date "2005.06.22"]
[Round "5"]
[White "Atalik, Suat"]
[Black "Rogic, Davor"]
[Result "1-0"]
[WhiteElo "2561"]
[BlackElo "2499"]
[Annotator "Atalik,S"]
[PlyCount "57"]
[EventDate "2005.06.19"]
[EventType "swiss"]
[EventRounds "9"]
[EventCountry "CRO"]
[SourceTitle "CBM 106 Extra"]
[Source "ChessBase"]
[SourceDate "2005.07.01"]
[SourceVersion "1"]
[SourceVersionDate "2005.07.01"]
[SourceQuality "1"]

1. d4 d5 2. c4 c6 {The Croatian GM-elect Davor Rogic is an expert in Slav.} 3.
Nf3 Nf6 4. Nc3 dxc4 5. a4 Bf5 6. e3 e6 7. Bxc4 Bb4 8. O-O O-O 9. Qe2 Bg4 $5 {
The new approach aiming or Qa5-h5 and some interesting endgame with chances
for both sides.} 10. h3 (10. Rd1 Qa5 11. e4 Qh5 12. h3 Bxf3 13. Qxf3 Qxf3 14.
gxf3 $13 {results in the above mentioned endgame.}) 10... Bxf3 {The most
common move.} (10... Bh5 $5 {Things are not so simple after} 11. Rd1 Nbd7 12.
e4 Qc7 $5 13. e5 Nd5 14. Bd2 $13 {Stocek-I.Sokolov,Warsaw 2005.}) 11. Qxf3 Nbd7
12. Rd1 Rc8 $1 {Black is ready to meet e4 with e5 now.} (12... Qa5 $6 13. e4 e5
14. d5 Nb6 15. Bb3 Bxc3 16. bxc3 cxd5 17. exd5 Rac8 18. c4 $1 $44 {led to a
typical Taras game in Kasparov-Bareev Novgorod 1994.}) 13. Ne4 $5 {A logical
approach to the position.} (13. e4 e5 14. Be3 (14. dxe5 Nxe5 15. Qf5 Qa5 16.
Bf1 Rfe8 $132) (14. d5 Bxc3 15. bxc3 cxd5 16. Bxd5 Nxd5 17. Rxd5 Qc7 18. Ba3
Rfe8 $11) 14... Qa5 15. Ne2 $5 $13 {is seen on the very high level a lot of
times.}) 13... Nxe4 14. Qxe4 Qe7 $5 $146 (14... Qa5 {is common and white gets
almost no advantage after that.}) 15. b3 {I have decided once again to
fianchetto my bishop!} Nf6 16. Qc2 $6 {Deliberately running into some tactics
in the c line.} (16. Qf3 $142 e5 (16... c5 17. Bb2 $14) 17. Bb2 e4 18. Qf5 $14)
16... c5 $5 {This has surprised me a lot. I have thought that the side with
two minor pieces playing against the bishops pair should try to keep the
position closed but black has concrete play in his mind.} ({But what about} 
16... b5 17. Bd3 bxa4 18. Rxa4 c5 19. dxc5 Rxc5 20. Bc4 a5 21. Bd2 $14) 17. Bb2
cxd4 18. Rxd4 a6 $1 19. Qe2 e5 20. Rdd1 $8 {A sad retreat.} (20. Rd3 $2 Rc5 $36
) 20... h6 21. Rab1 $1 {The misterious rook move. One idea behind it is Ba1,
besides that since Yermo told me the side with two bishops should keep them
back avoiding exchanges I have felt like it is the time.} ({Also I did not
like the looks of the following lines.} 21. Qf3 Rc5 $1) (21. Rac1 Ba3) 21...
Rc7 ({After} 21... Rc5 22. e4 Rfc8 23. Bc1 $1 $40 {was my idea.}) 22. Bd3 $5 {
I was ready to challenge the c line.} Qe6 $2 {A very bad move in my opinion.
It is unbelievable that Davor lost this position in 7 moves.} (22... Bc3 $1 {
is the most challenging idea.} 23. Bxc3 (23. Bc1 {is probably too much.} e4 24.
Bc4 Be5 25. Bb2 $13) 23... Rxc3 24. Bc4 Qb4 25. Qe1 a5 (25... Ne4 $6 26. Rd5)
26. Rd2 $1 $14 (26. Rd3 $6 Rxd3 27. Qxb4 axb4 28. Bxd3 Rd8 29. Rd1 Kf8 30. Kf1
Ne4 31. Ke1 Nc3 32. Rd2 Ke7 33. Bc4 $11)) 23. Rbc1 $1 ({What was he hoping for?
} 23. Bc4 Qe7) 23... Rfc8 (23... Rxc1 24. Rxc1 Rd8 25. Rd1 $16) 24. Rc4 $1 {
I wanted to keep his rook on c8.} (24. Rxc7 $6 Rxc7 25. Bc4 Qe7 26. Qf3 Rc5
$132) 24... Rxc4 25. Bxc4 Qe7 26. Qd3 $16 {As it is easily observable white's
advantage increased since he keeps the only open line in the game under
control.} Ba3 $4 {A real howler!} (26... Kf8 $1 27. Qf5 Rc5 28. Bd3 $5 $16 {
and white is better but still black's position is tenable.}) 27. Qf5 $1 $18 Re8
$8 (27... Rxc4 $2 28. Bxa3 Qxa3 29. Rd8+ $18) 28. Bxa3 Qxa3 29. Rd7 $1 {
Decides the game quickly.} (29. Rd7 $1 Rf8 30. Rxb7 Qc5 (30... Qd6 31. Qg6 (31.
Ra7 $18)) 31. Bxa6 (31. Kh2 $5 $18) 31... Qc6 32. Qd3 Ne4 33. Qc4 Qg6 34. Qc2
$18) 1-0

[Event "Nova Gorica op 05th"]
[Site "Nova Gorica"]
[Date "2000.02.08"]
[Round "8"]
[White "Atalik, Suat"]
[Black "Miles, Anthony John"]
[Result "1/2-1/2"]
[WhiteElo "2575"]
[BlackElo "2579"]
[Annotator "Atalik,S"]
[PlyCount "27"]
[EventDate "2000.02.01"]
[EventType "swiss"]
[EventRounds "9"]
[EventCountry "SLO"]
[SourceTitle "CBM 074 Extra"]
[Source "ChessBase"]
[SourceDate "2000.03.10"]
[SourceVersion "2"]
[SourceVersionDate "2000.03.10"]
[SourceQuality "1"]

1. d4 d5 2. c4 c6 3. Nf3 Nf6 4. Nc3 dxc4 5. a4 Bf5 6. e3 e6 7. Bxc4 Bb4 8. O-O
Nbd7 9. Qe2 O-O 10. e4 Bg6 11. Bd3 Bh5 12. e5 Nd5 13. Nxd5 exd5 $5 $146 14. Bf5
(14. Bf5 Re8 15. g4 Bg6 16. Qd3 Nf8 17. Be3 Ne6 18. Rad1 $13) 1/2-1/2

[Event "CHN-chT 4th"]
[Site "China"]
[Date "2008.12.02"]
[Round "13"]
[White "Harikrishna, Pentala"]
[Black "Bu, Xiangzhi"]
[Result "1/2-1/2"]
[WhiteElo "2659"]
[BlackElo "2714"]
[Annotator "Avrukh,B/Primel,D"]
[PlyCount "140"]
[EventDate "2008.12.??"]
[EventType "team-tourn"]
[EventRounds "18"]
[EventCountry "CHN"]
[SourceTitle "EXT 2017"]
[Source "ChessBase"]
[SourceDate "2016.10.25"]
[SourceVersion "1"]
[SourceVersionDate "2016.10.25"]
[SourceQuality "1"]

1. d4 d5 2. c4 c6 3. Nf3 Nf6 4. Nc3 dxc4 5. a4 Bf5 6. e3 (6. Ne5) (6. Nh4) 6...
e6 7. Bxc4 Bb4 8. O-O O-O 9. Qe2 {La variante hollandaise} (9. Nh4) (9. Qb3)
9... Nbd7 10. e4 Bg6 (10... Bg4 11. Rd1 $14) 11. Bd3 Bh5 12. e5 (12. Bf4 Re8
13. e5 Nd5 14. Nxd5 cxd5 15. h3) 12... Nd5 13. Nxd5 (13. Ne4) (13. Bd2) 13...
cxd5 (13... exd5 {Atalik,S (2575)-Miles,A (2579) Nova Gorica op 05th 2000 (8)
1/2}) 14. Qe3 {[%cal Gf3g5] Prépare Ng5} Be7 (14... Re8 15. Bd2 Qa5 16. Bxb4
Qxb4 17. Qd2 Qe7 18. Ng5 Bg6 {Arencibia Rodriguez,W (2519)-Delgado Ramos,H 
(2385) Capablanca Memorial op 44th 2009 (10) 0-1} (18... Nf8 $146 {[%cal Gf8h7]
} 19. f4 Rac8 20. f5 exf5 21. Bxf5 Rc4 {Avrukh: The Classical Slav})) 15. Ng5 (
15. Bd2 {Un premier carrefour dans cette variante} Nb8) 15... Bxg5 (15... Bg6 {
Malgré la perte de temps, Bg6 est une alternative crédible jouée à haut
niveau mais il y a encore peu de parties} 16. Bxg6 (16. Be2) 16... hxg6 {
Bacrot,E (2705)-Le,Q (2687) FRA-chT Top 12 2011 (9.3) 1/2}) 16. Qxg5 Bg6 17.
Be2 Nb8 $1 {[%cal Gb8c6,Gd8g5] Le chinois avait joué cette nouveauté en 2007
et son adversaire avait repris l'idée quelques mois plus tôt, cette partie
sera donc l'occasion d'un débat théorique intéressant} 18. Qxd8 (18. Qe3 Nc6
19. Bd2 Rc8 20. Bc3 Qh4 21. g3 {Topalov,V (2791)-Bu,X (2714) Nanjing Pearl
Spring 1st 2008 (2) 1/2}) 18... Rxd8 19. Bd2 Nc6 $11 {[%cal Ga8c8] Force le
Bd2 à occuper une position purement défensive} 20. Bc3 f6 (20... Rdc8 21. a5
{Topalov,V (2769)-Bu,X (2692) World Cup blindfold rapid 2007 (6) 1/2}) 21. f4
$146 (21. exf6 gxf6 {Onischuk,A (2670)-Harikrishna,P (2668) Lubbock SPICE Cup
2008 (7) 1/2}) 21... Rac8 {Dans deux parties postérieures, le chinois a
préféré jouer Be4 qui semble un peu plus actif} (21... Be4 22. Ra3 (22. a5
Rac8 23. Rfc1 a6 24. g3 Rf8 {Cmilyte,V (2528)-Bu,X (2675) Politiken Cup 33rd
2011 (7) 1/2}) 22... Rac8 23. a5 Rc7 24. Bg4 Bf5 {Ganguly,S (2644)-Bu,X (2680)
Asia-chT 16th 2010 (4) 1/2}) 22. Rac1 (22. Bg4 Bf5) 22... Rd7 23. Ba5 Rf7 24.
Bb5 (24. Bb4 $5 {[%cal Gb4d6]}) 24... fxe5 25. fxe5 Rxf1+ 26. Bxf1 Be8 27. Bd2
Bd7 {[%cal Gd7c8]} 28. Be3 a6 29. Be2 Na5 {[%cal Ga5c4]} 30. Rxc8+ Bxc8 31. Bd2
Nc6 (31... Nc4 32. Bc3 {[%csl Gc3,Ge2,Re6][%cal Gg1f2] Les Blancs ont une
bonne finale}) 32. Bc3 Bd7 33. Kf2 Be8 34. Ke3 Bg6 35. Kd2 {Un coup un peu
bizarre car le K Blanc manque de cases d'accès à l'aile-dame} (35. b4 {
[%cal Gb4b5] Economise un tempo} Kf7 36. b5) 35... Kf7 36. b4 Na7 $5 37. b5
axb5 38. axb5 b6 {[%csl Rb6,Rc6]} 39. Bb2 {[%cal Gd2b4]} Kg8 40. Kc3 h6 41. Bc1
Kh7 42. h4 Be8 43. Kb4 Kg6 44. h5+ (44. g4 {Un peu plus souple} Kf7 45. Bd3 Nc8
) 44... Kf7 45. Bd3 $1 g5 46. hxg6+ Kg7 47. Be3 Bxg6 {La nulle semblait déjà
logique car les Blancs peuvent difficilement progresser} 48. Be2 Be8 49. Bf2
Kg6 50. Bd3+ Kg5 51. Be3+ Kg4 $1 52. Bxh6 Kg3 53. Bg5 Kxg2 54. Bd8 Nc8 55. Kc3
(55. Bh7 Kf3 56. Bg8 Bd7 $11) 55... Kf3 56. Kd2 Na7 57. Bxb6 Nxb5 {L'aile-dame
est liquidée et le N est maintenant aussi fort qu'un B} 58. Bc5 Kf4 59. Kc2
Ke3 60. Bh7 Bh5 61. Kb3 Kd2 $1 62. Bb4+ Ke2 63. Bc5 Kd2 64. Bb6 Bd1+ 65. Kb2
Be2 66. Bg6 Bc4 67. Bf7 Kd3 68. Bxe6 Nxd4 69. Bd7 Bb5 70. Bxd4 Bxd7 1/2-1/2

[Event "Katowice op"]
[Site "Katowice"]
[Date "1995.??.??"]
[Round "8"]
[White "Gagarin, Vasilij"]
[Black "Wojtkiewicz, Aleksander"]
[Result "0-1"]
[WhiteElo "2530"]
[BlackElo "2440"]
[Annotator "Belov,I"]
[PlyCount "86"]
[EventDate "1995.??.??"]
[EventType "swiss"]
[EventRounds "9"]
[EventCountry "POL"]
[SourceTitle "EXT 2000"]
[Source "ChessBase"]
[SourceDate "1999.11.16"]
[SourceVersion "1"]
[SourceVersionDate "1999.11.16"]
[SourceQuality "1"]

1. d4 d5 2. c4 c6 3. Nf3 Nf6 4. Nc3 dxc4 5. a4 Bf5 6. e3 e6 7. Bxc4 Nbd7 8. O-O
Bb4 9. Qe2 O-O 10. e4 Bg6 11. Bd3 Bh5 12. e5 (12. Bf4 $5) 12... Nd5 13. Nxd5
cxd5 14. h3 $5 $146 (14. Qe3 Be7 (14... Bg6 15. Bxg6 fxg6 16. Ng5 Re8 17. Bd2 (
17. Qh3 Nf8) 17... Bxd2 18. Qxd2 Nb8 19. h4 h6 20. a5 a6 $10 {Ionov,S-Bezgodov,
A/Elista RUS-ch/1994/0,5/66/}) (14... h6 15. Ne1 f5 16. exf6 Qxf6 17. Bb5 Nb8
18. Nd3 a6 19. Nxb4 axb5 20. a5 $14 {Gelfand,B-Lautier,J/Horgen CS/1994/1:0/58/
}) (14... Qe7 $2 15. Ng5 h6 16. Qh3 g6 17. g4 $1 $16 {Gligoric,S-Smyslov,V/
Kiev/1959/1:0/31/}) 15. Ng5 Bxg5 16. Qxg5 Bg6 17. Bxg6 fxg6 18. Qg4 Rf5 $1 $10
{Razuvaev,Y-Chernin,A/Tilburg 10'/1994/0,5/34/}) 14... Be7 $1 (14... Nb8 15. g4
Bg6 16. h4 Nc6 17. h5 Bxd3 18. Qxd3 $14) 15. Qe3 Nb8 16. Bd2 (16. Ne1 Nc6 17.
f4 Bg6 (17... Bg6 $5 18. g4 Bxd3 19. Qxd3 f6 $132) (17... f6 18. g4 $14) 18.
Nf3 Rc8 $10) (16. Ng5 Bxg5 17. Qxg5 Bg6 18. Bxg6 fxg6 19. Qg4 Rf5 $10) 16...
Nc6 17. Bc3 Rc8 18. Nd2 $6 (18. Rfc1 $10 Bg6 19. Bxg6 fxg6 20. Qd3 $10) 18...
Bg6 19. f4 $6 (19. Bxg6 fxg6 20. Nf3 $15) 19... Qd7 20. g4 Bxd3 21. Qxd3 f6 22.
exf6 $6 (22. Rae1 fxe5 23. fxe5 Bg5 24. Nf3 Bf4 25. Kg2 $15) 22... Rxf6 23. Rf2
Rcf8 24. Raf1 Bd6 25. f5 exf5 26. Rxf5 (26. gxf5 Ne7 $17) 26... Rxf5 27. Rxf5
Rxf5 28. Qxf5 Qxf5 29. gxf5 Kf7 30. Nf1 Bf4 $1 31. Kf2 Kf6 32. Ne3 Bxe3+ 33.
Kxe3 Kxf5 34. Be1 Nd8 35. Bg3 Ne6 36. Be5 g6 37. b4 a6 38. b5 axb5 39. axb5 Ng5
40. Kd3 $2 (40. h4 Ne6 41. Kf3 $17) 40... Nxh3 $19 41. Kc3 Nf4 42. Kb4 g5 43.
Kc5 g4 0-1